00410nam a2200157Ia 4500008004100000020001800041082001700059100002200076245003500098250000900133260003800142300002300180500001900203600001500222650001500237240925s9999 xx 000 0 und d a9789332518193 a658.1599 EIT aEiteman ,David K. 0aMultinational Business Finance a13th aIndia:bPearson Educationc,2014. a192p.b0fOriginal aIncludes Index aManagement aManagement